Aplicación de la teoría de Jean Watson en la práctica de enfermería en los servicios de urgencias, consulta externa, Pyp de un hospital de primer nivel de Cartagena, 2018 / (Registro nro. 4000)

Detalles MARC
000 -LEADER
fixed length control field 01785nam a2200265 4500
001 - CONTROL NUMBER
control field 0000010926
005 - DATE AND TIME OF LATEST TRANSACTION
control field 20250329165434.0
008 - FIXED-LENGTH DATA ELEMENTS--GENERAL INFORMATION
fixed length control field 180709s2018 000 0 eng d
040 ## - CATALOGING SOURCE
Original cataloging agency CO-CtgCURN
Language of cataloging spa
Transcribing agency coctgcurn
082 0# - DEWEY DECIMAL CLASSIFICATION NUMBER
Classification number ENF 2018
Item number F122
100 1# - MAIN ENTRY--PERSONAL NAME
Personal name Fabra Agámez, Marley del Carmen.
245 10 - TITLE STATEMENT
Title Aplicación de la teoría de Jean Watson en la práctica de enfermería en los servicios de urgencias, consulta externa, Pyp de un hospital de primer nivel de Cartagena, 2018 /
Statement of responsibility, etc. Marley del Carmen Fabra Agámez; Dina María Gómez González; Irania Hernández Olascoaga; Katty Johana Ladeuth Correa; Asesor Leisly Sofia Beleño Pinedo.
260 ## - PUBLICATION, DISTRIBUTION, ETC.
Place of publication, distribution, etc. Cartagena de Indias :
Name of publisher, distributor, etc. Corporación Universitaria Rafael Núñez,
Date of publication, distribution, etc. 2018.
300 ## - PHYSICAL DESCRIPTION
Extent 109 h.
504 ## - BIBLIOGRAPHY, ETC. NOTE
Bibliography, etc. note Trabajo de grado (Enfermeria). Corporacion Universitaria Rafael Nuñez. Facultad de la Salud. Enfermeria, 2018.
520 ## - SUMMARY, ETC.
Summary, etc. El cuidado se considera como la piedra angular de la enfermería, por tanto, resulta pertinente indagar el modo en que este es aplicado a los pacientes. OBJETIVO: Determinar la aplicación de la teoría de Jean Watson en la práctica de enfermería en un hospital de primer nivel de la ciudad de Cartagena durante 2018.
650 #0 - SUBJECT ADDED ENTRY--TOPICAL TERM
Topical term or geographic name entry element Enfermeria
Form subdivision Tesis y disertaciones academicas.
700 1# - ADDED ENTRY--PERSONAL NAME
Personal name Gómez González, Dina María.
700 1# - ADDED ENTRY--PERSONAL NAME
Personal name Hernández Olascoaga, Irania.
700 1# - ADDED ENTRY--PERSONAL NAME
Personal name Ladeuth Correa, Katty Johana.
700 1# - ADDED ENTRY--PERSONAL NAME
Personal name Beleño Pinedo, Lesly Sofía,
Relator term Asesor.
856 7# - ELECTRONIC LOCATION AND ACCESS
Uniform Resource Identifier <a href="https://unicurn.sharepoint.com/:b:/s/biblioteca/EV0MasLyFcpEt6V0K92J7I0BlagJiKQ428Vs39GAI8kGzQ?e=OpurFe">https://unicurn.sharepoint.com/:b:/s/biblioteca/EV0MasLyFcpEt6V0K92J7I0BlagJiKQ428Vs39GAI8kGzQ?e=OpurFe</a>
Public note Click aqui para ver el recurso en texto completo
942 ## - ADDED ENTRY ELEMENTS (KOHA)
Source of classification or shelving scheme Dewey Decimal Classification
Koha item type Trabajos de grado
Classification part ENF 2018
Item part F122
Existencias
Withdrawn status Lost status Source of classification or shelving scheme Damaged status Not for loan Collection Home library Current library Shelving location Date acquired Source of acquisition Cost, normal purchase price Inventory number Total checkouts Full call number Barcode Date last seen Copy number Price effective from Koha item type
    Dewey Decimal Classification     Trabajos de grado Miguel Henríquez Emiliani Miguel Henríquez Emiliani Trabajo de grado 03/29/2025 El autor 350000.00 022355   ENF 2018 F122 022355 09/10/2018 1 09/10/2018 Trabajos de grado